Visualizzazione normale
Vista MARC
- Manfredonia Giulio
di Personal Name
Records bibliografici associati: 1
001 - CONTROL NUMBER
- control field: 39698
003 - CONTROL NUMBER IDENTIFIER
- control field: IT-RoPau
005 - DATE AND TIME OF LATEST TRANSACTION
- control field: 20151126120557.0
008 - FIXED-LENGTH DATA ELEMENTS
- fixed length control field: 151126|| aca||aabn | a|a d
040 ## - CATALOGING SOURCE
- Original cataloging agency: IT-RoPau
- Transcribing agency: IT-RoPau
100 ## - HEADING--PERSONAL NAME
- Personal name: Manfredonia Giulio
- Relator term: (regista)
- Miscellaneous information: Codice regista SPICS: 60234
670 ## - SOURCE DATA FOUND
- Source citation: Work cat.: (IT-RoPau)105138: Manfredonia Giulio Codice regista SPICS: 60234 39693, SI PUO' FARE SI PUO' FARE (Rif. Codice opera principale : K0584)